00331nam a2200121Ia 4500008004100000040001700041041001200058082001800070100002000088245005500108260003500163300001100198230917s9999||||xx |||||||||||||| ||und|| e137308aMAIN aEnglish a320.954 N259I aNeale, Walter C 0aIndia: The search for unity democracy and progress aNew YorkbD Van Nostrandc1965 a127 p.